Music Quiz

Random Music or Artist Quiz

Song Titles in Other Words Quiz Stats

Quiz not verified by Sporcle

Challenge
Share
Tweet
Embed
Score 0/20 Timer 04:00
0 Plays Today
Alternate Name Actual Title % Correct
Lonely GirlsSingle Ladies
86.7%
What's up, See you laterHello, Goodbye
86.7%
One Less Than a Hundred Troubles99 Problems
86.7%
The Street of Shattered IllusionsBoulevard of Broken Dreams
84.4%
Keep Having Faith Don't Stop Believin'
79.7%
Intercourse Inferno Sex on Fire
75%
Basic CPR GuideHow to Save a Life
75%
HopperJumper
73.4%
Montana's CapitalHelena
71.1%
Howdy Spiritual SiblingHey Soul Sister
66.4%
Alternate Name Actual Title % Correct
Fantasize Some MoreDream On
66.4%
I Forgot How Old I Am What's My Age Again
64.8%
Big Booty WomenFat Bottomed Girls
64.8%
Bison MarineBuffalo Soldier
62.5%
Sea BoulevardOcean Avenue
55.5%
Keep HoveringFloat On
46.9%
BuzzedTipsy
35.9%
Shocking TouchElectric Feel
35.9%
I'm Going to Chase You into the BlacknessI Will Follow You into the Dark
34.4%
Will Smith: From Rags to RichesPursuit of Happiness
17.2%

You're not logged in!

Compare scores with friends on all Sporcle quizzes.
Sign Up with Email
OR
Log In

You Might Also Like...

Show Comments

Extras

Top Quizzes Today


Score Distribution

Your Account Isn't Verified!

In order to create a playlist on Sporcle, you need to verify the email address you used during registration. Go to your Sporcle Settings to finish the process.